| Поле | Инд. | ПП | Название | Значение |
|---|---|---|---|---|
| Тип записи | a | |||
| Библиографический уровень | b | |||
| 001 | Контрольный номер | UNIDUBNA9fc0d666a9fa4fdf83ede812df783ffc | ||
| 005 | Дата корректировки | 20230203113831.2 | ||
| 008 | Кодируемые данные | 20170331 | ||
| 040 | b | Код языка каталог. | rus | |
| e | Правила каталог. | PSBO | ||
| 041 | 0_ | a | Код языка текста | rus |
| 084 | a | Индекс другой классификации/Индекс ББК | 67.401.114 | |
| 100 | 1_ | a | Автор | Трофимова Г. Н. |
| q | Полное имя | Трофимова Галина Николаевна | ||
| 245 | 10 | a | Заглавие | Своеобразие функционирования русского языка в условиях становления информационного права |
| 520 | 0_ | a | Аннотация | В статье выявляются наиболее значимые процессы в русскоязычной цифровой медиакоммуникации, происходящие в условиях и под воздействием развития информационных технологий. Автор систематизирует и обобщает новые языковые явления, сопровождающие становление информационного права в цифровом медиапространстве современной России, определяет степень глубины преобразований, происходящих в русском языке под влиянием Интернета, намечает наиболее актуальные и проблемные моменты речевого узуса, отражающие специфику функционирования русского языка в условиях цифровизации, в том числе с учетом нарастающей радикализации в обществе, ведущей к нарушениям информационной безопасности (прежде всего — в лингвистическом аспекте), информационным войнам, а также к проявлениям речевой агрессии и лингвистического экстремизма |
| 650 | 14 | a | Основная рубрика | административное право |
| a | Основная рубрика | право | ||
| 653 | 0_ | a | Ключевые слова | Интернет |
| a | Ключевые слова | информационная безопасность | ||
| a | Ключевые слова | информационная война | ||
| a | Ключевые слова | информационное право | ||
| a | Ключевые слова | информационные технологии | ||
| a | Ключевые слова | лингвистический экстремизм | ||
| a | Ключевые слова | медиакоммуникация | ||
| a | Ключевые слова | речевая агрессия | ||
| a | Ключевые слова | речь | ||
| a | Ключевые слова | русский язык | ||
| a | Ключевые слова | управление в области информации | ||
| a | Ключевые слова | цифровизация | ||
| a | Ключевые слова | экстремизм | ||
| 773 | 08 | t | Заглавие источника | Российская юстиция |
| d | Дата издания источника | 2021 | ||
| g | Прочая информация | № 5. - С. 61 - 68 | ||
| w | Контрольный № источника | 7fe8f1301f51420c9d79fa9c7e9a2e7e | ||
| 901 | t | Тип документа | b |